TEXTBOOK OF PATHOLOGY (Record no. 33038)

MARC details
000 -LEADER
fixed length control field 00316nam a22001457a 4500
003 - CONTROL NUMBER IDENTIFIER
control field SGT
020 ## - INTERNATIONAL STANDARD BOOK NUMBER
International Standard Book Number 978-93-5696-334-4
082 ## - DEWEY DECIMAL CLASSIFICATION NUMBER
Classification number 616.07
Item number MOH
100 ## - MAIN ENTRY--PERSONAL NAME
Personal name MOHAN, HARSH
245 ## - TITLE STATEMENT
Title TEXTBOOK OF PATHOLOGY
250 ## - EDITION STATEMENT
Edition statement 9TH
260 ## - PUBLICATION, DISTRIBUTION, ETC. (IMPRINT)
Place of publication, distribution, etc INDIA
Name of publisher, distributor, etc JAYPEE PUB.
Year of Publication 2024
650 ## - SUBJECT ADDED ENTRY--TOPICAL TERM
Topical term or geographic name as entry element ATHOLOGY
942 ## - ADDED ENTRY ELEMENTS (KOHA)
Source of classification or shelving scheme Dewey Decimal Classification
Koha item type Books
Holdings
Withdrawn status Lost status Source of classification or shelving scheme Damaged status Not for loan Collection code Home library Current library Shelving location Date acquired Vendor Name Cost, normal purchase price SGTU Bill Number Total Checkouts Full call number Accession No. (Barcode) Date last seen Bill Date Koha item type
    Dewey Decimal Classification     SCIENCE SGT Science & Social Sciences Library SGT Science & Social Sciences Library Text Book 30/10/2025 ABC 2395.00 SGTU 21721   616.07 MOH DP1376 30/10/2025 17/09/2025 Books
    Dewey Decimal Classification     SCIENCE SGT Science & Social Sciences Library SGT Science & Social Sciences Library Text Book 30/10/2025 ABC 2395.00 SGTU 21721   616.07 MOH DP1377 30/10/2025 17/09/2025 Books
    Dewey Decimal Classification     SCIENCE SGT Science & Social Sciences Library SGT Science & Social Sciences Library Text Book 30/10/2025 ABC 2395.00 SGTU 21721   616.07 MOH DP1378 30/10/2025 17/09/2025 Books